• 首页
  • 本馆介绍
  • 公告通知
  • 最新文献
  • 馆藏检索
  • 电子资源
  • 读者导购
  • 参考咨询
  • 我的图书馆
  • 登录
  • 详细信息显示
  • 放入我的书架
  • 预约/预借图书
  • 作者相关作品
  • 分类相关作品
  • 丛书相关作品
  • 出版社相关作品

书目信息

  • 表格格式
  • 工作单格式
  • 卡片格式
题名:
中国民族声乐教学歌曲精选
    
 
作者: 朱玉 主编 ;高虹 编
分册:  
出版信息: 北京   中国文联出版社  2009.12
页数: 162页
开本: 30cm
丛书名:
单 册:
中图分类: J642.2
科图分类:
主题词: 民族声乐--歌曲--中国--选集 , 民族声乐 , 歌曲
电子资源:
ISBN: 978-7-5059-6625-3
000 00922nam0 2200277 450
001 010050002984
005 20120321104320.79
010    @a978-7-5059-6625-3@dCNY28.00
100    @a20100605d2009 em y0chiy0110 ea
101 0  @achi
102    @aCN@b110000
105    @ag z 000yy
106    @ar
200 1  @a中国民族声乐教学歌曲精选@9zhong guo min zu sheng yue jiao xue ge qu jing xuan@f朱玉主编@g高虹[等]编
210    @a北京@c中国文联出版社@d2009.12
215    @a162页@d30cm
304    @a编者还有:吕常伟,吕威,张曼
330    @a本书收录了东方姑娘、永远的妈妈、英雄谱、我走过、为祖国祝福、八旗随想、中华子孙、天地人和、大东北、长征、黄河渔娘、再唱松花江等作品。
606 0  @a民族声乐@x歌曲@y中国@j选集
606 0  @a民族声乐
606 0  @a歌曲
690    @aJ642.2@v4
701  0 @a朱玉@9zhu yu@4主编
702  0 @a高虹@9gao hong@4编
801  0 @aCN@bRENTIAN@c20100605
905    @b539093-99@dJ642.2@e234@f7
    
    中国民族声乐教学歌曲精选/朱玉主编/高虹[等]编.-北京:中国文联出版社,2009.12
    162页;30cm
    
    
    ISBN 978-7-5059-6625-3:CNY28.00
    本书收录了东方姑娘、永远的妈妈、英雄谱、我走过、为祖国祝福、八旗随想、中华子孙、天地人和、大东北、长征、黄河渔娘、再唱松花江等作品。
●
相关链接 在E读中查询图书 在五车中查询图书 在当当中查询图书 在豆瓣中查询图书


正题名:中国民族声乐教学歌曲精选     索取号:J642.2/234         预约/预借

序号 登录号 条形码 馆藏地/架位号 状态 备注
1 539093   205390931   第一样本阅览室/ [索取号:J642.2/234] 在馆    
2 539094   205390940   第一借阅区/ [索取号:J642.2/234] 已借出,限还日期为2019.10.24
借出人:哈杨  
 
3 539095   205390959   第一借阅区/ [索取号:J642.2/234] 在馆    
4 539096   205390968   第一借阅区/ [索取号:J642.2/234] 在馆    
5 539097   205390977   第一借阅区/ [索取号:J642.2/234] 在馆    
6 539098   205390986   第一借阅区/ [索取号:J642.2/234] 在馆    
7 539099   205390995   第一借阅区/ [索取号:J642.2/234] 在馆    
唐山师范学院图书馆 欢迎您!
大连网信软件有限公司© 版权所有